| 000 | 00565nam a22001817a 4500 | ||
|---|---|---|---|
| 005 | 20251108165019.0 | ||
| 008 | 250721s1967 xx 000 0 ara d | ||
| 082 | 1 | 4 | _a925/يوس |
| 100 | 1 | _aمروه، يوسف | |
| 245 | 1 | 0 | _aعلماء الطبيعة في إسرائيل / |
| 264 | 1 |
_aبيروت : _bمنظمة التحرير الفلسطينية - مركز الأبحاث، _c1967. |
|
| 300 | _a151ص | ||
| 490 | 0 | _aسلسلة حقائق و أرقام ؛ 13 | |
| 650 | 1 | 7 | _aالعلماء |
| 650 | 1 | 7 | _aالتراجم |
| 942 |
_2ddc _cBK |
||
| 999 |
_c19893 _d19893 |
||